000
00337pab a2200145 454500
008
180718b1997 xxu||||| |||| 00| 0 eng d
100
_a
Shahbuddin, Syed
245
_a
Minorities in a plural society
260
_c
1997
300
_a
p.20-22
362
_a
Mar
650
_a
Minority groups
773
_a
Politics India
909
_a
35054
999
_c
35054
_d
35054